| 000 | 00742nam a2200217 a 4500 | ||
|---|---|---|---|
| 005 | 20260416125650.0 | ||
| 008 | 991125s1968 ag 000 0 spa u | ||
| 035 | _aUPN01000008757 | ||
| 049 | _aCG | ||
| 050 | 4 |
_aLB1186 _bB3.28 |
|
| 100 | 1 |
_aBandet, Jeanne _930615 |
|
| 245 | 1 | 4 |
_aLos comienzos del cálculo / _cJ. Bandet, G. Mialaret, R. Brandicourt ; tr. Ana María Chan. |
| 260 |
_aBuenos Aires : _bKapelusz, _c1968. |
||
| 300 |
_a160 p. : _bil. |
||
| 440 | 0 |
_aPedagogía práctica ; _v15 |
|
| 650 | 4 |
_aCálculo _xEstudio y enseñanza (Preescolar) _94520 |
|
| 650 | 4 |
_aMatemáticas _xEstudio y enseñanza (Preescolar) _94038 |
|
| 700 | 1 |
_aMialaret, Gaston, _d1918-2016 _ecoaut. _929321 |
|
| 700 | 1 |
_aBrandicourt, R., _ecoaut. |
|
| 905 | _aLibro | ||
| 999 |
_c8757 _d8757 |
||